000 00595nam a2200181Ia 4500
003 GCL
008 140319s9999 xx 000 0 ara d
040 _aGCL /
_cGCL
082 0 4 _a810.809287
_bس غ
100 1 _aسيد صديق عبدالفتاح
245 1 0 _aغرائب وعجائب النساء فى التاريخ القديم والحديث /
_cسيد صديق عبدالفتاح
260 _a[S.N] :
_bمكتبة مدبولى ،
_c1992
300 _a505 ص
490 _a
650 0 4 _aالمرأة فى الادب
650 0 4 _aالمرأة فى التاريخ
942 _2ddc
_cBK
999 _c45195
_d45195